| 000 | 00495nam a22001811c 4500 | ||
|---|---|---|---|
| 001 | a987672696 | ||
| 008 | 140514s2013 gw |||| 000u rus d | ||
| 020 |
_a9785950610035 _9978-5-9506-1003-5 |
||
| 041 | _arus | ||
| 100 | 1 | _aBelovinskij, Leonid V. | |
| 245 | 0 | 0 | _aVospominanija i razmyšlenija o sebe i svoem vremeni |
| 264 |
_aMoskva : _bEkon-inform, _c2013 |
||
| 300 | _a661 S. | ||
| 600 | 0 | _aBelovinskij, Leonid Vasil'evič | |
| 942 | _cMG | ||
| 040 | _cRU-10907106 | ||
| 003 | RU-10907106 | ||
| 999 |
_c49860 _d49860 |
||